| 000 | 00877nam a2200265 a 4500 | ||
|---|---|---|---|
| 999 |
_c8092 _d8092 |
||
| 001 | 8092 | ||
| 003 | Bd-JhCC | ||
| 005 | 20180218133815.0 | ||
| 008 | 880808s1968 tz ac 001 0 eng d | ||
| 035 | _a(Bd-JhCC)8092 | ||
| 040 |
_aBd-JhCC _cDLC _dBd-JhCC |
||
| 041 | _aeng | ||
| 082 |
_a367.8 _bNYE 1968 |
||
| 100 | 1 |
_aNyerere, Julius K., _d1922-1999. |
|
| 245 | 1 | 0 |
_aFreedom and socialism = _bUhuru na ujamaa : a selection from writings and speeches, 1965-1967 / _cJulius K. Nyerere. |
| 260 |
_aDar es Salaam : _bOxford University Press, _cc1968. |
||
| 300 |
_axvi, 422 p., plates : _bill., port ; _c23 cm. |
||
| 504 | _aIncludes Index | ||
| 650 | 0 |
_aSocialism _zTanzania. |
|
| 651 | 0 |
_aAfrica _xPolitics and government. |
|
| 651 | 0 |
_aTanzania _xPolitics and government _y1964- |
|
| 710 | 1 |
_aTanzania. _bPresident (1964-1985 : Nyerere) |
|
| 942 |
_2ddc _cBK |
||